تخطي إلى المحتوى
Inicio
Centros participantes
Catálogo
Servicios
Contacto
تسجيل الدخول
English
Deutsch
Español
Français
Italiano
日本語
Nederlands
Português
Português (Brasil)
中文(简体)
中文(繁體)
Türkçe
עברית
Gaeilge
Cymraeg
Ελληνικά
Català
Euskara
Русский
Čeština
Suomi
Svenska
polski
Dansk
slovenščina
اللغة العربية
বাংলা
Galego
Tiếng Việt
Hrvatski
हिंदी
Հայերէն
Українська
Sámegiella
اللغة
كل الحقول
العنوان
المؤلف
الموضوع
رقم الاستدعاء
ردمك/تدمد
الوسم
ابحث
بحث متقدم
Teoría y política del desarrol...
استشهد بهذا
أرسل هذا بالبريد الإلكتروني
طباعة
تصدير التسجيلة
تصدير إلى RefWorks
تصدير إلى EndNoteWeb
تصدير إلى EndNote
أضف إلى المفضلة
رابط دائم
اكتمل التصدير —
إضافة أول تقييم
Teoría y política del desarrollo económico /
محفوظ في:
التفاصيل البيبلوغرافية
المؤلف الرئيسي:
Furtado, Celso
مؤلفون آخرون:
Oliviera, Francisco Martí, Soler trad
التنسيق:
نص
منشور في:
México D.F.:
Siglo XXI
الطبعة:
6
الوسوم:
إضافة وسم
لا توجد وسوم, كن أول من يضع وسما على هذه التسجيلة!
المقتنيات
الوصف
التعليقات
مواد مشابهة
عرض للأخصائي
MARC
LEADER
00000 a a2200000 04500
001
22198
003
040
090
|a
150500
100
|a
Furtado, Celso
245
|a
Teoría y política del desarrollo económico /
|c
Celso Furtado
250
|a
6
260
|a
México D.F.:
|b
Siglo XXI
300
|a
301 p
|b
il.
700
|a
Oliviera, Francisco
|a
Martí, Soler
|a
trad
999
|c
16774
|d
16774
مواد مشابهة
Pacto Andino desarrollo nacional e integración andina /
حسب: Torini, Ernesto
Panorama y perspectivas de la economía mexicana. Memoria del Coloquio sobre Economía Mexicana, marzo de 1979 /
حسب: Lustig, Nora
Economía marxista para socialistas. Una crítica del reformismo
حسب: Harrison, John
Tiempo realidad social y conocimiento: propuesta de interpretación
حسب: Bagú, Sergio
La ciudad y los niños en América Latina /
حسب: Carrión, Diego